000 00894nam a2200265 a 4500
001 BRL_480
005 20190320210749.0
008 190813s1950----mx-a######---#000-0#spa-#
041 _aspa
044 _amx
050 4 _aN6553
_b.E53 2 1950
100 1 _aSolier, Wilfrido Du
_924050
245 1 0 _aLa plástica en las cabecitas Arcaicas del Valle de México y la Huaxteca
_cW. Du Solier.
260 _aMéxico
_bEdiciones Mexicanas
_c1950
300 _a45 p.
_bil. (algunas a color), 13 láminas, 6 plegables
_c24 cm.
440 0 _aEnciclopedia mexicana del arte
_v2
_924051
500 _aLa biblioteca cuenta con 2 ejemplares
500 _aEj.1 Au474. Ej.2 Au1823
650 1 4 _aArte
_zMéxico
_924052
650 1 4 _aAntropometría
_zMéxico
_924053
650 1 4 _aArtes plásticas
_xAntigüedades
_zMéxico
_924054
651 4 _aMéxico
_xAntigüedades
_92765
902 _aGRL
942 _2lcc
_cB
999 _c9292
_d9292